Statistics for Metal bands in french n°2

Click here to take the quiz!

General Stats

  • This quiz has been taken 28 times
  • The average score is 9 of 28

Answer Stats

French translationBand name% Correct
MortDeath
96%
Six pieds sous terreSix Feet Under
72%
Trône sombreDarkthrone
56%
Magicien électriqueElectric Wizard
48%
DémembrerDismember
44%
Fœtus mourrantDying Fetus
40%
Christ pourrissantRotting Christ
40%
Marteau d'enferHellhammer
36%
Attaque nucléaireNuclear Assault
36%
Avaler le soleilSwallow the Sun
36%
Déchets municipauxMunicipal Waste
32%
NévroseNeurosis
28%
L'enfant du vieil hommeOld Man's Child
28%
Loups dans la salle du trôneWolves in the Throne Room
28%
Oméga sort mortelDeathspell Omega
24%
SuperMorMegadeth
24%
BrillantShining
24%
Brouillard (from polish)Mgła
20%
Sombre forêt brumeuse (from romanian)Negură Bunget
20%
Forme de désespoirShape of Despair
20%
Troupes d'assaut de la mortStormtroopers of Death
20%
Brouillard (from norwegian)Taake
20%
NécrologieObituary
16%
Lanceur de verrouBolt Thrower
12%
Asservissement obtenuObtained Enslavement
12%
Chope de bièreTankard
12%
ÉviscérationDisembowelment
8%
Bois (from sanskrit)Drudkh
8%

Score Distribution

Percentile by Number Answered

Percent of People with Each Score

Your Score History

You have not taken this quiz